000 00735nam a2200265 a 4500
001 000004151
003 DO-SdBNP
005 20250714091948.0
007 ta
008 090717s1986 dr a 000 0 spa d
040 _aDO-SdBNP
_bspa
_cBNPHU
082 4 _a335.4
_bH289q
_222
100 1 _aHarnecker, Marta
_912290
245 1 0 _a¿Que es? la sociedad /
_cMarta Harnecker.
260 _aSanto Domingo :
_bTaller,
_c1986.
300 _a212 p. :
_bil. ;
_c21 cm.
490 1 _aEducación popular
490 1 _aABC
650 0 _aEconomía marxista
_99435
650 4 _aFilosofía marxista
_9846
650 0 _aSocialismo
_9287
650 4 _aComunismo
_92880
830 0 _aEducación popular, colección ABC
_912291
942 _2ddc
_cLBS1
999 _c3967
_d3967